| 000 | 00391nam a2200169Ia 4500 | ||
|---|---|---|---|
| 005 | 20251020182613.0 | ||
| 008 | 200515s9999 xx 000 0 und d | ||
| 082 | _aSC/69.032(094.7)/P13 | ||
| 100 | _aPACHECO ZUÑIGA, Julio | ||
| 245 | 0 | _aMetrado de obras de Edificación | |
| 260 | _aLima | ||
| 260 | _c1997 | ||
| 300 | _a41 | ||
| 650 | _aMANUALES | ||
| 650 | _aMETRADOS | ||
| 942 | _cLIB | ||
| 999 |
_c3398 _d3398 |
||